História e Geografia de Portugal #4 - Statistics

Estatísticas Gerais
  • Esse quiz foi jogado 160 vezes
  • A pontuação média é 6 de 10
Estatísticas das Respostas
Hint Resposta % Correto
Quem descobriu o Brasil? Pedro Álvares Cabral
93%
De onde vinham os seguintes produtos:ouro, escravos, marfim e malagueta? África
90%
Onde ficam as seguintes áreas conquistadas pelos portugueses:Goa, Malaca e Ormu? Índia
81%
Como se chama o movimento das pessoas de outros países virem para o nosso? Imigração
80%
Onde se encontra o pico mais alto de Portugal, com 2351 metros de altitude?
Ilha do Pico
77%
Como se chama o movimento das pessoas saírem do seu país para outro? Emigração
74%
Em que dia se celebra a restauração da independência? 1 de Dezembro de 1640
55%
Como se chama o movimento das pessoas mudarem de sítio dentro do próprio país? Migração
50%
Onde ficam estes territórios conquistados pelos portugueses: Molucas, litoral da China, Cantão, Timor, Japão e Macau? Extremo Oriente
28%
Em que ano foi assinado o Tratado de Madrid? 1668
2%
Nenhum quiz correspondente encontrado
Distribuição das Pontuações
Porcentagem de Pessoas com Cada Pontuação
Percentil de Números Respondidos
Sua Pontuação Histórica
Você não jogou esse quiz